| 000 | 02623aam a2200349 i 4500 | ||
|---|---|---|---|
| 001 | 768714001 | ||
| 003 | CO-MdFUSB | ||
| 005 | 20240214101417.0 | ||
| 007 | ta | ||
| 008 | 231017t20112011spaa||ag |||| 00| 0 spa d | ||
| 020 | _a9788498921823 | ||
| 040 |
_aCO-MdFUSB _bspa _cCO-MdFUSB _dCO-MdFUSBC _erda |
||
| 041 |
_aspa _heng |
||
| 082 |
_223 _a325.32 _bH433 |
||
| 100 |
_aHeadrick, Daniel R. _eautor |
||
| 240 | _aPower Over Peoples | ||
| 245 | 1 | 6 |
_aEl poder y el imperio _b : la tecnología y el imperialismo, de 1400 a la actualidad _c/ Daniel R. Headrick ; traducido por Juanmari Madariaga |
| 250 | _aprimera edición | ||
| 264 | 1 |
_aBarcelona, España : _bCrítica, _c[2010] |
|
| 264 | 4 | _c©2010 | |
| 300 |
_a456 páginas _c; 24 cm |
||
| 336 |
_2rdacontent _atexto _btxt |
||
| 337 |
_2rdamedia _asin mediación _bn |
||
| 338 |
_2rdacarrier _avolumen _bnc |
||
| 490 | _aSerie Mayor | ||
| 504 | _aIncluye índice | ||
| 505 |
_tCapítulo 1: La exploración de los océanos hasta 1779: _aCinco grandes tradiciones marinas -- La navegación -- Los viajes españoles -- Así se completó el mapa de los océanos. _tCapítulo 2: Los primeros imperios europeos en el océano Índico, 1497-1700: _aLos portuguese en el océano índico -- El desafío otomano -- China, Japón y los europeos. _tCapítulo 3: La conquista de las Américas (1492-1849): Caballos y enfermedades: _aEl primer encuentro: El Caribe -- La conquista de México -- Perú y Chile -- Enfermedades y demografía. _tCapítulo 4: Los límites del viejo imperialismo: África y Asia hasta 1859: _aEl África subsahariana hasta 1830 -- La revolución militar -- La batalla de Plassey y sus secuelas -- Rusia y Cáucaso. _tCapítulo 5: El imperialismo de las naves de vapor, 1807-1898: _aLa navegación a vapor en Norteamérica -- La ruta hasta la India -- Gran Bretaña y China. _tCapítulo 6: La salud, la medicina y el nuevo imperialismo, 1830-1914: _aLa medicina y África a principios del siglo XIX -- La sanidad pública a mediados de siglo -- Sanidad e imperio en torno al cambio de siglo. _tCapítulo 7: Armas y guerras coloniales, 1830-1914: _aLa revolución armamentística -- La rebatiña por África -- Etiopía _tCapítulo 8: La época del control aéreo, 1911-1936: _aLos comienzos de la aviación -- La fuerza aérea británica en Iraq -- Los italianos en África. _tCapítulo 9: El declive del control aéreo, 1946-2007: _aLos franceses en Indochina -- Los Estadounidenses en Vietnam -- La guerra del Golfo -- La guerra de Iraq. |
||
| 563 | _aPasta dura. | ||
| 700 |
_98698 _aMadariaga, Juanmari, _etraductor |
||
| 942 | _cBK | ||
| 945 | _asor1564 | ||
| 999 |
_c69164 _d69164 |
||